Tsola dragoicheva and her memoirs based on creater bulgarian nationalist positions
Shranjeno v:
| Glavni avtor: | |
|---|---|
| Format: | Knjiga |
| Jezik: | angleščina |
| Izdano: |
Budapest
Jugoslovenska Stvarnost
1979
|
| Teme: | |
| Oznake: |
Označite
Brez oznak, prvi označite!
|
MARC
| LEADER | 00000nam a2200000 a 4500 | ||
|---|---|---|---|
| 001 | UCZ0961 | ||
| 003 | CL-VaPUC | ||
| 008 | 950810e19790000HU |||||||||||||||||eng|d | ||
| 082 | 0 | 4 | |a 335.43 |b APO |2 21 |
| 100 | 0 | |a Apostolski, Vanco |e author |9 344268 | |
| 245 | 1 | 0 | |a Tsola dragoicheva and her memoirs based on creater bulgarian nationalist positions |
| 300 | |a 58 p | ||
| 942 | |c BK | ||
| 945 | |d 19950810 00:00:00 |a rbrito | ||
| 260 | |a Budapest |b Jugoslovenska Stvarnost |c 1979 | ||
| 600 | 0 | 7 | |a COMITE CENTRAL DEL PARTIDO COMUNISTA BULGARO |2 CL-VaPUC |9 344269 |
| 650 | 0 | |a Comunismo |9 255588 | |
| 651 | 0 | |a Bulgaria |9 344270 | |
| 583 | |a last modification |c 19950810 00:00:00 |k Rodrigo Vera | ||
| 999 | |c 237821 |d 237819 | ||
| 952 | |0 0 |1 0 |4 0 |6 335_430000000000000_APO_1979 |7 0 |8 A |9 247529 |a BIBHIS |b BIBHIS |d 2019-11-18 |i 311905K |o 335.43 APO 1979 |p 311905K |r 2025-01-20 |w 2019-11-18 |y BK |k HIS | ||